000 00309nam a22001337a 4500
008 240318b ||||| |||| 00| 0 eng d
041 _aeng
080 _21942
_a159.9
082 _a159.9ROS
100 _a25
101 _aPSIKOLOGJI
245 _aTHE STUDENT,S OXFORD ARISTOTELE
_cW.D.ROSS
942 _2udc
_cBK
999 _c60602
_d60602